MATHEMATICAL METHODS for Scientists & Engineers / (Record no. 32506)

000 -LEADER
fixed length control field 00421nam a22001697a 4500
003 - CONTROL NUMBER IDENTIFIER
control field NUST
020 ## - INTERNATIONAL STANDARD BOOK NUMBER
International Standard Book Number 8130909979
038 ## - RECORD CONTENT LICENSOR
Staff Name khadija
082 ## - DEWEY DECIMAL CLASSIFICATION NUMBER
Classification number 510
Author Mark MCQ
100 ## - MAIN ENTRY--PERSONAL NAME
Personal name McQuarrie, Donald A.
9 (RLIN) 61641
245 ## - TITLE STATEMENT
Title MATHEMATICAL METHODS for Scientists & Engineers /
260 ## - PUBLICATION, DISTRIBUTION, ETC.
Place of publication, distribution, etc. New Delhi:
Name of publisher, distributor, etc. Vinod Vasishtha;
Date of publication, distribution, etc. 2009.
300 ## - PHYSICAL DESCRIPTION
Extent 1161p. ;
Other physical details 24 cm.
500 ## - GENERAL NOTE
General note Paperback.
563 ## - BINDING INFORMATION
Binding note paperback
942 ## - ADDED ENTRY ELEMENTS (KOHA)
Koha item type Book
Source of classification or shelving scheme
Holdings
Withdrawn status Lost status Source of classification or shelving scheme Damaged status Not for loan Permanent Location Current Location Shelving location Date acquired Full call number Barcode Date last seen Price effective from Koha item type Public note
          School of Mechanical & Manufacturing Engineering (SMME) School of Mechanical & Manufacturing Engineering (SMME) General Stacks 09/30/2015 510 MCQ SMME-1346 03/28/2018 09/30/2015 Book Rack,48-Shelf,2
© 2023 Central Library, National University of Sciences and Technology. All Rights Reserved.